<?xml version="1.0" encoding="UTF-8"?>
<collection xmlns="http://www.loc.gov/MARC21/slim">
  <record>
    <leader>00000nam  2200000   4500</leader>
    <controlfield tag="001">INLIS000000000015843</controlfield>
    <controlfield tag="005">20230914032459</controlfield>
    <datafield tag="035" ind1="#" ind2="#">
      <subfield code="a">0010-0923000084</subfield>
    </datafield>
    <controlfield tag="007">ta</controlfield>
    <controlfield tag="008">230914################|##########|#|##</controlfield>
    <datafield tag="084" ind1="#" ind2="#">
      <subfield code="a">R 095 PIM II 2022</subfield>
    </datafield>
    <datafield tag="100" ind1=" " ind2="#">
      <subfield code="a">Mohammad Noval</subfield>
    </datafield>
    <datafield tag="245" ind1="1" ind2="#">
      <subfield code="a">Pengukuran Indeks TKPD (ITKPD) Berbasis Komposit Dalam Rangka Membangun Peta Pembinaan Tata Kelola Pemerintahan Daerah /</subfield>
      <subfield code="c">Mohammad Noval</subfield>
    </datafield>
    <datafield tag="250" ind1="#" ind2="#">
      <subfield code="a">1</subfield>
    </datafield>
    <datafield tag="260" ind1="#" ind2="#">
      <subfield code="a">Jakarta :</subfield>
      <subfield code="b">Pusbangkom Pimnas dan Manajerial ASN,</subfield>
      <subfield code="c">2022</subfield>
    </datafield>
    <datafield tag="300" ind1="#" ind2="#">
      <subfield code="a">160 halaman :</subfield>
      <subfield code="b">ilus ;</subfield>
      <subfield code="c">30 cm</subfield>
    </datafield>
    <datafield tag="520" ind1="#" ind2="#">
      <subfield code="a">Proyek perubahan ini memiliki fokus pada upaya untuk membangun sebuah sinergi dan kolaborasi antar pemangku kepentingan dalam pengukuran kinerja tata kelola pemerintahan daerah (TKPD). Terdapat beberapa instrumen pengukuran kinerja TKPD yang telah dikembangkan oleh berbagai Kementerian/Lembaga (K/L) dan organisasi diluar pemerintah. Namun, pengukuran kinerja dimaksud berjalan secara "eksklusif" dan fokus pada pengukuran kinerja berdasarkan sudut pandang kebutuhan dan kepentingan masing-masing K/L yang dilaksanakan oleh unit kerja pengampunya.</subfield>
    </datafield>
    <datafield tag="990" ind1="#" ind2="#">
      <subfield code="a">095</subfield>
    </datafield>
  </record>
</collection>
